000 01485nam a2200325Ia 4500
001 ebr10135641
003 CaPaEBR
006 m u
007 cr cn|||||||||
008 051101s2006 nyu sb 001 0 eng d
010 _z 2005057425
020 _z1403977259
020 _z1403971242 (alk. paper)
040 _aCaPaEBR
_cCaPaEBR
035 _a(OCoLC)560467933
050 1 4 _aHC79.E5
_bH67 2006eb
082 0 4 _a338.96/07
_222
100 1 _aHoungnikpo, Mathurin C.
245 1 0 _aAfrica's elusive quest for development
_h[electronic resource] /
_cMathurin C. Houngnikpo.
260 _aNew York :
_bPalgrave/Macmillan,
_c2006.
300 _ax, 252 p.
504 _aIncludes bibliographical references and index.
505 0 _a1. A synopsis of Africa's plight -- 2. Democracy's travails in Africa -- 3. The contemporary African state : Res Publica or Res Privata? -- 4. Corruption in Africa -- 5. Africa at its nadir -- 6. Required shift of paradigm -- 7. Herculean tasks ahead.
533 _aElectronic reproduction.
_bPalo Alto, Calif. :
_cebrary,
_d2009.
_nAvailable via World Wide Web.
_nAccess may be limited to ebrary affiliated libraries.
650 0 _aSustainable development
_zAfrica.
650 0 _aEconomic development
_xEnvironmental aspects
_zAfrica.
655 7 _aElectronic books.
_2local
710 2 _aebrary, Inc.
856 4 0 _uhttp://site.ebrary.com/lib/rucke/Doc?id=10135641
_zAn electronic book accessible through the World Wide Web; click to view
999 _c87557
_d87557